Roda de Ter
Descripción Física:
1 vol. ; il·lustracions i fotografies b/n ; periodicitat: mensual ; 32 cm
Idioma:
Catalán , Español
MARC
| LEADER | 00000nas a2200000 a 4500 | ||
|---|---|---|---|
| 001 | 28281 | ||
| 003 | AGDB | ||
| 005 | 20260324175733.0 | ||
| 008 | 160829s9999 xx 000 0 cat d | ||
| 017 | |a B 1493-1958 | ||
| 040 | |a agdb |b cat | ||
| 041 | |a cat |a spa | ||
| 245 | |a Roda de Ter | ||
| 260 | |a Roda de Ter : |b [Ajuntament de Roda de Ter] ; |c 1972- | ||
| 300 | |a 1 vol. ; |b il·lustracions i fotografies b/n ; periodicitat: mensual ; |c 32 cm | ||
| 310 | |a Mensual | ||
| 362 | |a 1941- | ||
| 546 | |a Text en català i castellà. | ||
| 590 | |a Descripció basada en: Núm. 31 (set. 1972). | ||
| 650 | |a Roda de Ter |x Revistes |9 39529 | ||
| 655 | 0 | |9 55823 |a Revistes | |
| 710 | 1 | |a Roda de Ter (Catalunya). |b Ajuntament |9 55505 | |
| 866 | |a Any 31, 1972 (31 extraordinari) | ||
| 901 | |a Arxiu | ||
| 942 | |n 1 |2 udc |c REV | ||
| 952 | |0 0 |1 0 |4 0 |6 REV2323 |7 1 |9 49059 |a Arxiu |b Arxiu |d 2023-10-11 |h Núm. 31 (setembre 1972) Extraordinari |o Rev-2323 |p 28281 |r 2016-12-01 00:00:00 |w 2016-12-01 |y ARXIU |z És el número extraordinari anual que apareix en motiu de la Festa Major de Roda de Ter. | ||
| 999 | |c 52896 |d 52896 | ||